Statistiques concernant Culture Générale - Série 1409

Cliquez ici pour prendre le quiz!

Statistiques générales

  • Ce quiz a été pris 52 fois
  • Le résultat moyen est 6 sur 10

Statistiques - réponses

Question Réponse % Correct
Quelle ville française s'appelait autrefois Lugdunum ?Lyon
90%
Dans "Le Père Noël est une ordure", les doubitchous sont "roulés à la main sous les ...aisselles
84%
Quelle jeune fille aida Thésée à s'échapper du labyrinthe du Minotaure grâce à une pelote de fil ?Ariane
80%
Avec les chromosomes sexuels, combien un humain possède-t-il normalement de paires de chromosomes ?23
78%
En 1960, l'écrivain Romain Gary publie un roman autobiographique intitulé "La Promesse de...l'aube
57%
De quel pays Viktor Orban est-il le Premier Ministre ?Hongrie
53%
Dans quel pays est né “le Rital” Claude Barzotti ?Belgique
45%
Sous quel nom connaît-on mieux l'actrice française Sylvette Herry ?Miou-Miou
35%
En 2004, quel producteur (initiales GL) est directeur de la "Star Academy" ?Gérard Louvin
33%
Quel argot codé consiste à insérer les lettres “av” ou “va” dans le corps des mots ?javanais
31%

Distribution des résultats

Percentile par nombre de réponses

% des personnes avec chaque résultat

Votre développement - résultats

Vous n’avez pas pris ce quiz